000 01076nam a2200325 a 4500
001 0000428
003 DO-SdBPM
005 20250812132857.0
007 0000428
008 091125s2012 mx a 000 0 spa d
020 _a 9786077942412
040 _aDO-SdBPM
_bspa
_cBPMSU
_erda
082 4 _a736.982
_bO69f 2012
_222
245 0 0 _a Origami fácil :
_bmi libro para hacer figuras de papel /
_c coordinador y editor F. Ramón Mendoza Ruiz ; contenido y diseño Kamal Jain
260 _a
_b
_c
264 _aMéxico :
_bDlfín Editorial,
_c2012
300 _a24 páginas :
_bilustraciones ;
_c22 cm.
_e
336 _atexto
_btxt
_2rdacontent
337 _asin mediación
_bn
_2rdamedia
338 _avolumen
_bnc
_2rdacarrier
500 _a
590 _aInventariado, 2025/VM
650 7 _aOrigami
_xHistoria
650 7 _aOrigami
_xTécnicas
650 7 _aTrabajos manuales (Educación)
700 1 _aMendoza Ruiz, F. Ramón
_eeditor
700 1 _a Jain, Kamal
_econtenido y diseño
910 _a VMateo V. Control de calidad. BPMSU
942 _2ddc
_cBK
999 _c15323
_d15323